| 000 | 00462cam a22001335i 4500 | ||
|---|---|---|---|
| 005 | 20250728115052.0 | ||
| 020 | _a9789354425721 | ||
| 082 | _a363.700 954 SAT/E | ||
| 245 | 0 | 0 |
_aEnvironmental politics at the local : _bnatural resource governance in India / _cedited by Satyajit Singh, Ajit Menon. |
| 260 |
_a. - Hyderabad _b: Orient Blacksman Pvt Ltd. _c, 2024 |
||
| 300 | _axii, 356 pages | ||
| 700 |
_a Satyajit Singh, Ajit Menon. Editors _913 |
||
| 942 |
_2ddc _cBK |
||
| 999 |
_c750620 _d750620 |
||